| 000 | 06330nam a22002657a 4500 | ||
|---|---|---|---|
| 003 | NALT | ||
| 005 | 20260209111447.0 | ||
| 008 | 260112b th ||||| |||| 00| 0 tha d | ||
| 040 | _aNALT | ||
| 086 | _aสว 09 7.3 006.3 | ||
| 110 | 2 |
_aสำนักงานเลขาธิการวุฒิสภา. _bสำนักกรรมาธิการ 1. _bกลุ่มงานคณะกรรมาธิการวิสามัญ 1 _967254 |
|
| 245 | 1 | 0 |
_aการพิจารณาศึกษา เรื่อง หน่วยงานกำกับและกฎระเบียบที่เกี่ยวข้องกับเทคโนโลยีปัญญาประดิษฐ์ โดย คณะกรรมาธิการการเทคโนโลยีสารสนเทศ การสื่อสาร และการโทรคมนาคม วุฒิสภา / _cกลุ่มงานคณะกรรมาธิการวิสามัญ 1 สำนักกรรมาธิการ 1 สำนักงานเลขาธิการวุฒิสภา. |
| 260 |
_aกรุงเทพฯ : _bสำนักกรรมาธิการ 1 สำนักงานเลขาธิการวุฒิสภา, _cม.ป.ป.. |
||
| 300 |
_a47 หน้า : _bภาพประกอบ, ตาราง, แผนภูมิ ; _c30 ซม. |
||
| 505 | 2 | _a1. ความเป็นมาและความสำคัญ -- 2. วัตถุประสงค์ -- 3. ขั้นตอนและวิธีการพิจารณาศึกษา -- 4. สถานะปัจจุบันของปัญญาประดิษฐ์และการกำกับดูแลปัญญาประดิษฐ์ในระดับสากล -- 4.1 นิยามของปัญญาประดิษฐ์จากแหล่งต่าง ๆ -- 4.2 ประเภทของปัญญาประดิษฐ์ -- 4.3 ตัวอย่างการใช้งานของปัญญาประดิษฐ์ในด้านต่าง ๆ -- 4.4 นโยบาย กฎหมาย กฎ ระเบียบ และการกำกับดูแลปัญญาประดิษฐ์ในประเทศต่าง ๆ -- 4.4.1) ประเทศสหรัฐอเมริกา (United States of America) -- 4.4.2) ประเทศสหราชอาณาจักร (United Kingdom) -- 4.4.3) ประเทศสิงคโปร์ -- 4.4.4) สหภาพยุโรป (European Union) -- 4.4.5) ประเทศสาธารณรัฐประชาชนจีน -- 4.5 การเปรียบเทียบนโยบายและกฎหมายด้านปัญญาประดิษฐ์ของบางประเทศ -- 4.5.1) การเปรียบเทียบการกำกับดูแล AI ระหว่างสหภาพยุโรปและสาธารณรัฐประชาชนจีน -- 4.5.2) การเปรียบเทียบของ 4 ประเทศผู้นำด้านปัญญาประดิษฐ์ -- 5. ผลการศึกษาสถานะ ปัญหา และอุปสรรคด้านการใช้งานและการประกอบธุรกิจ AI ในประเทศไทย -- 5.1 การใช้ปัญญาประดิษฐ์ในภาคเอกชน -- 5.2 การใช้ปัญญาประดิษฐ์ในภาครัฐ -- 5.3 การประกอบธุรกิจด้านเทคโนโลยีปัญญาประดิษฐ์ -- 6. ผลการศึกษาสถานะของการออกกฎหมาย กฎ ระเบียบ AI ของประเทศไทย -- 6.1 สำนักงานคณะกรรรมการดิจิทัลเพื่อเศรษฐกิจและสังคมแห่งชาติ (สดช.) -- 6.1.1 ขอบเขตของปัญญาประดิษฐ์ที่จะกำกับดูแล -- 6.1.2 บริการที่ใช้งานระบบปัญญาประดิษฐ์ที่ห้ามไม่ให้บริการ (Prohibited AI) -- 6.1.3 บริการที่ใช้งานระบบปัญญาประดิษฐ์ที่มีความเสี่ยงสูง (High-risk AI) -- 6.1.4 ข้อจำกัดของร่าง พ.ร.ฎ. และแนวทางการกำกับดูแล AI ของ สดช. -- 6.2 สำนักงานพัฒนาธุรกรรมทางอิเล็กทรอนิกส์ (สพธอ.) -- 6.2.1 รูปแบบการกำกับดูแล -- 6.2.2 เนื้อหาการกำกับดูแล -- 6.2.3 องค์กรกำกับดูแล -- 7. สรุปผลการศึกษาและข้อเสนอแนะ -- ฝ่ายเลขานุการประจำคณะกรรมาธิการ. | |
| 610 | 2 | 4 |
_aคณะกรรมาธิการการเทคโนโลยีสารสนเทศ การสื่อสาร และการโทรคมนาคม วุฒิสภา _xรายงาน _949023 |
| 650 | 4 |
_aปัญญาประดิษฐ์ _930014 |
|
| 650 | 4 |
_aปัญญาประดิษฐ์ _xกฎหมายและระเบียบข้อบังคับ _967373 |
|
| 710 | 2 |
_aคณะกรรมาธิการการเทคโนโลยีสารสนเทศ การสื่อสาร และการโทรคมนาคม วุฒิสภา. _946331 |
|
| 856 | 4 | 0 | _uhttps://prt.parliament.go.th/items/29b60053-64a2-44fd-943e-7c993eec440e |
| 942 |
_cPAR _2lcc |
||
| 996 |
_akanyakorn.i _bLIBSTF _c2026-01-12 |
||
| 996 |
_ajamriang.p _bCATSTF _c2026-02-09 |
||
| 999 |
_c107654 _d107654 |
||
| 998 |
_j1020 _k นางจำเรียง ระวังสำโรง |
||